Statistics for Solve the Secret Person

Click here to take the quiz!

General Stats

  • This quiz has been taken 1,740 times
  • The average score is 9 of 21

Answer Stats

HintAnswer% Correct
AMRXMarx
100%
ADGHINGandhi
80%
ALOPTPlato
73%
ADINRWDarwin
61%
EHILRTHitler
60%
CDEIKNSDickens
54%
EEIINNSTEinstein
53%
AMORTZMozart
52%
ELNNNOLennon
47%
AACELOPRTCleopatra
39%
ACEHHRTTThatcher
32%
AACERSCaesar
29%
BCLMOSUUColumbus
29%
CILLNNOLincoln
26%
AEGILLOGalileo
25%
DEINOSEdison
21%
CCCHHIKOTHitchcock
18%
AAEEEHKPRSSShakespeare
18%
Secret PersonNAPOLEON
17%
DEINSYDisney
16%
ABDEMNRRTRembrandt
16%

Score Distribution

Percentile by Number Answered

Percent of People with Each Score

Your Score History

You have not taken this quiz